| 000 | 00365nam a2200145Ia 4500 | ||
|---|---|---|---|
| 008 | 230917s9999||||xx |||||||||||||| ||und|| | ||
| 040 |
_e138336 _aMAIN |
||
| 041 | _aEnglish | ||
| 082 | _a822.33 S15R | ||
| 100 | _aShakespeare, William | ||
| 245 | 0 | _aReader's companion to King Lear | |
| 260 |
_aLudhiana _bLyall Book Depot _c1968 |
||
| 300 | _a190 p. | ||
| 942 | _cBK | ||
| 999 |
_c39638 _d39638 |
||